Premier League Top 5 Most Valuable Players per Club - Statistics

General Stats
  • This quiz has been taken 97 times
    39 since last reset
  • The average score is 34 of 111
Answer Stats
Club Value Player % Correct
L 130 mil Bukayo Saka
97%
B 200 mil Erling Haaland
90%
L 120 mil Declan Rice
83%
RB 110 mil Florian Wirtz
79%
L 90 mil William Saliba
79%
RB 120 mil Alexander Isak
76%
L 75 mil Gabriel Magalhaes
76%
B 80 mil Phil Foden
76%
FR 60 mil Anthony Gordon
69%
RB 85 mil Hugo Ekitike
69%
L 75 mil Martin Odegaard
69%
B 75 mil Rodri
69%
D 120 mil Cole Palmer
66%
RB 85 mil Dominik Szoboszlai
62%
M 65 mil Morgan Gibbs-White
62%
FR 75 mil Bruno Guimaraes
59%
F 65 mil Micky van de Ven
59%
FR 50 mil Anthony Elanga
55%
D 85 mil Enzo Fernandez
55%
D 110 mil Moises Caicedo
55%
FR 70 mil Nick Woltemade
55%
S 75 mil Bryan Mbeumo
52%
H 32 mil Mateus Fernandes
52%
S 70 mil Matheus Cunha
52%
RB 85 mil Alexis Mac Allister
48%
B 70 mil Josko Gvardiol
48%
HE 65 mil Antoine Semenyo
45%
S 60 mil Benjamin Sesko
45%
D 65 mil Joao Pedro
45%
L 75 mil Martin Zubimendi
45%
F 60 mil Xavi Simons
45%
M 60 mil Elliot Anderson
41%
BR 40 mil Jean-Philippe Mateta
41%
W 70 mil Morgan Rogers
41%
FR 75 mil Sandro Tonali
41%
BR 60 mil Adam Wharton
38%
F 60 mil Cristian Romero
38%
D 80 mil Estevao
38%
BR 35 mil Ismaila Sarr
38%
H 35 mil Jarrod Bowen
38%
S 55 mil Leny Yoro
38%
BR 55 mil Marc Guehi
38%
M 55 mil Murillo
38%
B 65 mil Omar Marmoush
38%
U 35 mil Igor Thiago
34%
B 65 mil Jeremy Doku
34%
F 55 mil Mohammed Kudus
34%
S 50 mil Amad Diallo
31%
H 35 mil Lucas Paqueta
31%
P 25 mil Alex Iwobi
28%
HE 30 mil Alex Scott
28%
P 28 mil Calvin Bassey
28%
F 45 mil Dejan Kulusevski
28%
W 35 mil Ezri Konsa
28%
HE 32 mil Justin Kluivert
28%
BO 28 mil Kiernan Dewsbury-Hall
28%
RB 90 mil Ryan Gravenberch
28%
W 42 mil Amadou Onana
24%
P 30 mil Antonee Robinson
24%
HE 40 mil Evanilson
24%
A 40 mil Joao Gomes
24%
BR 35 mil Maxence Lacroix
24%
G 40 mil Yankuba Minteh
24%
W 35 mil Youri Tielemans
24%
G 35 mil Jan Paul van Hecke
21%
BO 45 mil Jarrad Branthwaite
21%
B 65 mil Tijjani Reijnders
21%
W 40 mil Boubacar Kamara
17%
G 60 mil Carlos Baleba
17%
U 35 mil Dango Ouattara
17%
K 20 mil Ethan Ampadu
17%
BO 45 mil Iliman Ndiaye
17%
A 40 mil Jorgen Strand Larsen
17%
P 25 mil Rodrigo Muniz
17%
K 20 mil Anton Stach
14%
G 32 mil Georginio Rutter
14%
P 25 mil Joachim Andersen
14%
U 35 mil Kevin Schade
14%
K 20 mil Pascal Struijk
14%
BO 30 mil Thierno Barry
14%
K 20 mil Wilfried Gnonto
14%
BR 35 mil Yeremy Pino
14%
G 35 mil Bart Verbruggen
10%
M 40 mil Dan Ndoye
10%
P 30 mil Kevin
10%
U 30 mil Mikkel Damsgaard
10%
U 35 mil Nathan Collins
10%
P 25 mil Sander Berge
10%
BO 30 mil Tyler Dibling
10%
A 28 mil Andre
7%
HE 35 mil Bafode Diakite
7%
Z 22 mil Chemsdine Talbi
7%
Z 25 mil Chris Rigg
7%
Z 32 mil Habib Diarra
7%
Z 25 mil Noah Sadiki
7%
K 18 mil Sean Longstaff
7%
Z 22 mil Simon Adingra
7%
H 28 mil El Hadji Malick Diouf
3%
H 23 mil Jean-Clair Todibo
3%
Y 25 mil Lesley Ugochukwu
3%
Y 25 mil Maxime Esteve
3%
A 25 mil Toti
3%
M 32 mil Dilane Bakwa
0%
Y 22 mil Florentino
0%
Y 15 mil Jaidon Anthony
0%
K 18 mil Jaka Bijol
0%
A 22 mil Ladislav Krejci
0%
Y 15 mil Loum Tchaouna
0%
K 18 mil Noah Okafor
0%
Y 18 mil Quilindschy Hartman
0%
A 22 mil Tolu Arokodare
0%
No matching quizzes found
Score Distribution
Percent of People with Each Score
Percentile by Number Answered
Your Score History
You have not taken this quiz since the last reset